Влияние легирующих добавок и условий кристаллизации на фазовый состав бронзы БрО10С13Ц2Н2; Современные техника и технологии; Т. 1

Dettagli Bibliografici
Parent link:Современные техника и технологии: 12-я международная научно-практическая конференция студентов, аспирантов и молодых ученых, г. Томск, 27 марта - 31 марта 2006 г./ Томский политехнический университет.— , 2006
Т. 1.— 2006.— С. 420-422
Autore principale: Корчмит А. В.
Lingua:russo
Pubblicazione: 2006
Soggetti:
Natura: MixedMaterials Capitolo di libro
KOHA link:https://koha.lib.tpu.ru/cgi-bin/koha/opac-detail.pl?biblionumber=114152

MARC

LEADER 00000naa2a2200000 4500
001 114152
005 20231031122149.0
035 |a (RuTPU)RU\TPU\book\123453 
090 |a 114152 
100 |a 20070419d2006 k y0rusy50 ca 
101 0 |a rus 
102 |a RU 
200 1 |a Влияние легирующих добавок и условий кристаллизации на фазовый состав бронзы БрО10С13Ц2Н2  |f А. В. Корчмит 
320 |a Библиогр.: 5 назв. 
461 1 |0 (RuTPU)RU\TPU\book\111998  |t Современные техника и технологии  |o 12-я международная научно-практическая конференция студентов, аспирантов и молодых ученых, г. Томск, 27 марта - 31 марта 2006 г.  |o труды в 2 т.  |f Томский политехнический университет  |d 2006 
463 0 |0 (RuTPU)RU\TPU\book\111471  |t Т. 1  |v С. 420-422  |d 2006  |p 524 с. 
610 1 |a бронзы 
610 1 |a кристаллизация 
610 1 |a фазовые составы 
610 1 |a легирующие добавки 
610 1 |a оловянистые бронзы 
610 1 |a сплавы 
610 1 |a химический состав 
610 1 |a труды учёных ТПУ 
700 1 |a Корчмит  |b А. В. 
801 1 |a RU  |b 63413507  |c 20070419  |g PSBO 
801 2 |a RU  |b 63413507  |c 20141101  |g RCR 
942 |c BK